Statistics for Largest Cities in Illinois by Letter

Click here to take the quiz!

General Stats

  • This quiz has been taken 391 times
  • The average score is 12 of 26

Answer Stats

LetterPopulationIllinois City% Correct
C2,716,450Chicago
100%
A200,965Aurora
92%
P112,883Peoria
81%
S114,868Springfield
81%
R147,051Rockford
80%
J148,462Joliet
79%
N147,682Naperville
79%
E112,456Elgin
68%
B77,934Bloomington
64%
W87,729Waukegan
58%
Q40,303Quincy
55%
D72,174Decatur
54%
U41,989Urbana
50%
Z23,952Zion
46%
K26,216Kankakee
41%
O58,765Orland Park
32%
T56,668Tinley Park
28%
X375Xenia
21%
F24,091Freeport
18%
G47,659Glenview
17%
H51,567Hoffman Estates
17%
L43,745Lombard
14%
V26,253Vernon Hills
14%
I9,416Itasca
12%
M53,930Mount Prospect
11%
Y19,388Yorkville
9%

Score Distribution

Percentile by Number Answered

Percent of People with Each Score

Your Score History

You have not taken this quiz